Fire from first principles : (Record no. 549043)
[ view plain ]
| 000 -LEADER | |
|---|---|
| fixed length control field | 00791cam a2200229 a 4500 |
| 020 ## - INTERNATIONAL STANDARD BOOK NUMBER | |
| International Standard Book Number | 0419242600 (hardcover) |
| 020 ## - INTERNATIONAL STANDARD BOOK NUMBER | |
| International Standard Book Number | 0419242708 |
| 082 00 - DEWEY DECIMAL CLASSIFICATION NUMBER | |
| Classification number | 693.82 |
| Author Mark | STO |
| -- | L-40, P-03 |
| 100 1# - MAIN ENTRY--PERSONAL NAME | |
| Personal name | Stollard, P. |
| 9 (RLIN) | 45556 |
| 245 10 - TITLE STATEMENT | |
| Title | Fire from first principles : |
| Remainder of title | a design guide to building fire safety / |
| Statement of responsibility, etc. | Paul Stollard and John Abrahams. |
| 250 ## - EDITION STATEMENT | |
| Edition statement | 3rd ed. |
| 260 ## - PUBLICATION, DISTRIBUTION, ETC. | |
| Place of publication, distribution, etc. | London : |
| -- | New York : |
| Name of publisher, distributor, etc. | E & FN Spon, |
| Date of publication, distribution, etc. | 1999. |
| 300 ## - PHYSICAL DESCRIPTION | |
| Extent | vi, 174 p. : |
| Other physical details | ill. ; |
| Dimensions | 24 cm. |
| 500 ## - GENERAL NOTE | |
| General note | Includes index. |
| 526 ## - STUDY PROGRAM INFORMATION NOTE | |
| Program name | 0 |
| Interest level | 0 |
| Reading level | 0 |
| Title point value | 693_820000000000000_STO |
| 650 #0 - SUBJECT ADDED ENTRY--TOPICAL TERM | |
| Topical term or geographic name entry element | Building, Fireproof. |
| 9 (RLIN) | 24937 |
| 650 #0 - SUBJECT ADDED ENTRY--TOPICAL TERM | |
| Topical term or geographic name entry element | MCE |
| 9 (RLIN) | 379 |
| 650 #0 - SUBJECT ADDED ENTRY--TOPICAL TERM | |
| Topical term or geographic name entry element | Safety factor in engineering. |
| 9 (RLIN) | 45557 |
| 700 1# - ADDED ENTRY--PERSONAL NAME | |
| Personal name | Abrahams, John. |
| 9 (RLIN) | 45558 |
| 856 42 - ELECTRONIC LOCATION AND ACCESS | |
| Uniform Resource Identifier | <a href="http://www.loc.gov/catdir/enhancements/fy0651/98037215-d.html">http://www.loc.gov/catdir/enhancements/fy0651/98037215-d.html</a> |
| 942 ## - ADDED ENTRY ELEMENTS (KOHA) | |
| Source of classification or shelving scheme | |
| Koha item type | Book |
| Withdrawn status | Lost status | Source of classification or shelving scheme | Damaged status | Not for loan | Permanent Location | Current Location | Date acquired | Total Checkouts | Full call number | Barcode | Date last seen | Price effective from | Koha item type |
|---|---|---|---|---|---|---|---|---|---|---|---|---|---|
| Military College of Engineering (MCE) | Military College of Engineering (MCE) | 09/15/2014 | 693.82 STO | MCE-43953 | 09/15/2014 | 09/15/2014 | Book |
